Miasta w województwie śląskim - Statystyki

Ogólne statystyki
  • Ten quiz został rozwiązany 155 razy
    33 od ostatniego zresetowania
  • Średni wynik to 43 z 74
Statystyki odpowiedzi
Populacja Miasto % Poprawnych
170 457 Gliwice
100%
279 119 Katowice
100%
207 117 Częstochowa
97%
188 151 Sosnowiec
94%
154 642 Zabrze
91%
166 189 Bielsko-Biała
88%
148 687 Bytom
88%
101 184 Chorzów
88%
114 148 Dąbrowa Górnicza
88%
131 323 Rybnik
88%
33 087 Cieszyn
84%
87 166 Jaworzno
84%
131 062 Ruda Śląska
84%
63 657 Siemianowice Śląskie
84%
122 605 Tychy
84%
51 876 Piekary Śląskie
81%
61 389 Tarnowskie Góry
81%
82 788 Jastrzębie-Zdrój
78%
71 473 Mysłowice
78%
54 061 Będzin
75%
10 678 Wisła
75%
46 433 Zawiercie
75%
61 793 Żory
75%
29 723 Żywiec
75%
34 862 Czechowice-Dziedzice
72%
49 883 Racibórz
69%
29 981 Czeladź
66%
41 479 Mikołów
66%
29 560 Myszków
66%
25 177 Pszczyna
66%
15 979 Ustroń
66%
44 982 Wodzisław Śląski
66%
45 644 Świętochłowice
63%
35 739 Knurów
59%
12 297 Kłobuck
56%
16 407 Lędziny
56%
5 322 Szczyrk
56%
18 891 Bieruń
53%
9 432 Imielin
53%
16 938 Radlin
53%
9 070 Blachownia
50%
26 614 Czerwionka-Leszczyny
50%
23 392 Lubliniec
50%
6 948 Miasteczko Śląskie
50%
2 497 Olsztyn
50%
20 325 Rydułtowy
50%
13 524 Skoczów
50%
21 881 Orzesze
47%
16 099 Radzionków
47%
21 221 Łaziska Górne
44%
17 178 Pyskowice
44%
3 363 Szczekociny
44%
4 107 Ogrodzieniec
41%
13 041 Pszów
41%
3 534 Strumień
41%
5 404 Koniecpol
38%
6 414 Łazy
38%
1 769 Pilica
38%
3 492 Toszek
38%
8 196 Kalety
34%
2 386 Koziegłowy
34%
4 109 Krzepice
34%
5 714 Siewierz
34%
6 871 Sławków
34%
3 169 Wilamowice
34%
4 644 Kuźnia Raciborska
31%
1 965 Sośnicowice
31%
4 360 Żarki
31%
8 143 Poręba
28%
8 507 Wojkowice
28%
4 120 Woźniki
22%
2 021 Krzanowice
19%
1 144 Przyrów
19%
1 157 Włodowice
19%
Nie znaleziono quizów pasujących do podanych kryteriów
Rozkład punktacji
Procent ludzi z każdym wynikiem
Percentyl według liczby udzielonych odpowiedzi
Twoja historia wyników
Nie rozwiązałeś tego quizu od ostatniego zresetowania